000 01048nam a22003257a 4500
001 000045706
003 CHAP
005 20220329135943.0
008 971013s r 00010 d
010 _a44647
011 _a45619
035 _a49758
040 _cCHAP
082 _a634.81
_bI53
110 2 _aMéxico. INIA. Centro de Investigaciones Agrícolas del Noreste
_977069
245 1 0 _aViticultura :
_b: informe de investigación.
260 _a(Matamoros de la Laguna, Coah.) :
_bEl Instituto,
_c19 -.
300 _av.
500 _aLa biblioteca tiene: 1976 (pub. en 1981)
590 _aBATCH-UPD
_b10
_c20130110
_lUCH01
_h2029
590 _aBATCH-UPD
_b10
_c20130410
_lUCH01
_h1346
590 _aBATCH-UPD
_b10
_c20130914
_lUCH01
_h2106
590 _aCONVERSION
_b10
_c20130109
_lUCH01
_h1324
590 _aE11695DGD
_b10
_c20140611
_lUCH01
_h1007
650 1 4 _aViticultura
_xInvestigación.
_9120062
901 _aBK
942 _cLIBRO
942 _n0
949 _a634.81 I53
_bBC
_cLIBRO
_d33724000211447
_eLIBRO
_f1976
_h58294
_i49758
_si
999 _c44647
_d44647